| 000 | 00432nam a22001337a 4500 | ||
|---|---|---|---|
| 003 | SGT | ||
| 082 |
_a617.645 _bC14V |
||
| 100 | _aVASHIST,BINNY | ||
| 245 | _aCOMPARATIVE EVALUATION OF THE EFFECT OF FORTIFIED FLUORIDE VARNISHES ON STREPTOCOCCUS MUTANS IN CARIES ACTIVE CHILDREN A RANDOMIZED CONTROLLED CLINICAL CLINICAL TRIAL | ||
| 260 |
_aIST DENTAL COLLEGE _c2014 |
||
| 300 | _a1-95 | ||
| 650 | _aPEDODONTICS | ||
| 942 |
_2ddc _cTH |
||
| 999 |
_c21347 _d21347 |
||